Statistics for Territories by Coat of Arms

Click here to take the quiz!

General Stats

  • This quiz has been taken 5 times
  • The average score is 34 of 50

Answer Stats

Answer% Correct
French Polynesia
100%
Guernsey
100%
Northern Mariana Islands
100%
United States Virgin Islands
100%
American Samoa
80%
Anguilla
80%
Cook Islands
80%
Curaçao
80%
Falkland Islands
80%
Gibraltar
80%
Greenland
80%
Guadeloupe
80%
Guam
80%
Hong Kong
80%
Isle of Man
80%
Jersey
80%
Macau
80%
Martinique
80%
Mayotte
80%
Montserrat
80%
New Caledonia
80%
Niue
80%
Pitcairn Islands
80%
Saint Barthélemy
80%
Saint Martin
80%
Saint Pierre and Miquelon
80%
Wallis and Futuna
80%
Aruba
60%
Ascension Island
60%
Bonaire
60%
British Indian Ocean Territory
60%
British Virgin Islands
60%
Cayman Islands
60%
Faroe Islands
60%
Norfolk Island
60%
Puerto Rico
60%
Tokelau
60%
Tristan da Cunha
60%
Christmas Island
40%
Cocos (Keeling) Islands
40%
French Guiana
40%
French Southern and Antarctic Lands
40%
Réunion
40%
Saba
40%
Saint Helena
40%
Sint Eustatius
40%
Sint Maarten
40%
South Georgia and the South Sandwich Islands
40%
Turks and Caicos Islands
40%
Bermuda
20%

Score Distribution

Percentile by Number Answered

Percent of People with Each Score

Your Score History

You have not taken this quiz